De la persona al personaje /

Gorde:
Xehetasun bibliografikoak
Egile nagusia: Bustillo, Carmen
Formatua: Ezezaguna
Gaiak:
Etiketak: Etiketa erantsi
Etiketarik gabe, Izan zaitez lehena erregistro honi etiketa jartzen!

MARC

LEADER 000000000a22000000004500
001 003191
100 1 |a Bustillo, Carmen 
245 1 0 |a De la persona al personaje /   |c Carmen Bustillo. 
310 |a semestral 
500 |a Otro ejemplar con numero especial dedicado al persona ficción 
650 4 |a TEORIA LITERARIA 
650 4 |a NOVELA ACTUAL 
773 0 |x 0798-958-X  |d Venezuela : Universidad Simón Bolívar  |t Estudios: Revista de Investigaciones Literarias  |g número 3 (1994), páginas 7-37 
942 |c ARC 
999 |c 9980  |d 9980